00667cam a22002057a 4500003000500000005001700005008004100022010001000063011001000073035001000083040000900093100003200102245011700134260004100251300002200292502007500314650001300389650002700402650003200429CHAP20220329141901.0980406d1998 mx r 00110 spa d a75251 a76223 a85802 cCHAP00aMeneses Sánchez, Enrique.10aComportamiento productivo de corderos en engorda, destetados a diferentes edadesc/por Enrique Meneses Sánchez aChapingo, Méx. :bEl autor,c1998. a91 h. :bgráfs. aTesis (Ing. Agr. Esp. en Zootecnia) -- UACH. Departamento de Zootecnia14aDestete.14aGanado lanarxEngorda.14aGanado lanarxProducción.